[Event "Bialystok-ch"]
[Site "Bialystok"]
[Date "2015.??.??"]
[Round "9"]
[White "Grabarczyk, Edmund"]
[Black "Dolata, Marcin"]
[Result "0-1"]
[WhiteElo "1314"]
[BlackElo "1382"]
[PlyCount "120"]
[EventDate "2015.05.01"]
[EventType "swiss"]
[EventRounds "9"]
[EventCountry "POL"]
[SourceTitle "CBM 166 Extra"]
[Source "ChessBase"]
[SourceDate "2015.06.18"]
[SourceVersion "1"]
[SourceVersionDate "2015.06.18"]
[SourceQuality "1"]

1. e4 e5 2. Nf3 Nc6 3. Bb5 a6 4. Ba4 Nf6 5. 0-0 Be7 6. Re1 b5 7. Bb3 d6 8. c3 Na5 9. Bc2 c5 10. d4 Qc7 11. h3 0-0 12. Nbd2 Re8 13. Nf1 Bf8 14. d5 g6 15. b3 Bg7 16. Ng3 Bb7 17. Bd2 Rab8 18. a4 Rec8 19. axb5 axb5 20. c4 b4 21. Ra4 Ra8 22. Qe2 Rcb8 23. Rea1 Bc8 24. Qd3 Bd7 25. R4a2 Qd8 26. Bg5 h6 27. Be3 Nb7 28. Qd2 Kh7 29. Bd3 Na5 30. Bc2 Nb7 31. Bd1 Na5 32. Qb2 Ra6 33. Be2 Rb7 34. Bd3 Rb8 35. Kh2 Rb7 36. Nd2 Rb8 37. f3 Rb7 38. Qc2 Ne8 39. Rf1 Rba7 40. f4 Nxc4 41. Qxc4 Rxa2 42. fxe5 Bxe5 43. Rxf7+ Ng7 44. Nf3 Bxg3+ 45. Kxg3 Qe8 46. Rxd7 Qxd7 47. e5 dxe5 48. Bxg6+ Kh8 49. Nxe5 Nf5+ 50. Kf4 Nxe3 51. Kxe3 Qg7 52. Kf4 Re7 53. Qe4 Rxe5 54. Qxe5 Rf2+ 55. Kg3 Qxe5+ 56. Kxf2 Qf6+ 57. Ke3 Qxg6 58. g4 Qd6 59. Ke4 Kg7 60. h4 Kf6 0-1

[Event "Sokolka op 5th"]
[Site "Sokolka"]
[Date "2014.07.15"]
[Round "8"]
[White "Grabarczyk, Edmund"]
[Black "Skripkiunas, Benas"]
[Result "0-1"]
[WhiteElo "1393"]
[BlackElo "1570"]
[PlyCount "73"]
[EventDate "2014.07.08"]
[EventType "swiss"]
[EventRounds "9"]
[EventCountry "POL"]
[SourceTitle "CBM 161 Extra"]
[Source "ChessBase"]
[SourceDate "2014.08.29"]
[SourceVersion "1"]
[SourceVersionDate "2014.08.29"]
[SourceQuality "1"]

1. e4 c5 2. Nf3 e6 3. d4 cxd4 4. Nxd4 a6 5. Nc3 Nc6 6. Be3 Bb4 7. Nxc6 bxc6 8. Qd4 Bxc3+ 9. Qxc3 Nf6 10. f3 0-0 11. Bg5 Nxe4 12. Bxd8 Nxc3 13. Bg5 Nd5 14. c4 Nf6 15. 0-0-0 d5 16. Bxf6 gxf6 17. h4 a5 18. b3 Ba6 19. g4 a4 20. Kc2 axb3+ 21. axb3 Bb7 22. Kc3 e5 23. Rg1 d4+ 24. Kb2 c5 25. Rg3 Ra7 26. Ra1 Rxa1 27. Kxa1 e4 28. g5 f5 29. h5 e3 30. Bd3 f4 31. Rg4 Bxf3 32. Rxf4 e2 33. Bxe2 Bxe2 34. Rf5 Rd8 35. g6 fxg6 36. hxg6 hxg6 37. Rxc5 0-1

[Event "Sokolka op 5th"]
[Site "Sokolka"]
[Date "2014.07.14"]
[Round "7"]
[White "Rusak, Jan"]
[Black "Grabarczyk, Edmund"]
[Result "1-0"]
[WhiteElo "1484"]
[BlackElo "1393"]
[PlyCount "71"]
[EventDate "2014.07.08"]
[EventType "swiss"]
[EventRounds "9"]
[EventCountry "POL"]
[SourceTitle "CBM 161 Extra"]
[Source "ChessBase"]
[SourceDate "2014.08.29"]
[SourceVersion "1"]
[SourceVersionDate "2014.08.29"]
[SourceQuality "1"]

1. d4 Nf6 2. c4 e6 3. Nf3 c5 4. g3 b6 5. Bg2 Bb7 6. Nc3 cxd4 7. Qxd4 Bc5 8. Qd1 0-0 9. 0-0 d5 10. Ne5 Nbd7 11. Nxd7 Qxd7 12. cxd5 exd5 13. Na4 d4 14. Bxb7 Qxb7 15. Nxc5 bxc5 16. b3 Rfe8 17. Qd3 Ne4 18. Bd2 Nxd2 19. Qxd2 a5 20. Rac1 Qb5 21. Qd3 Qxd3 22. exd3 a4 23. Rxc5 axb3 24. axb3 Red8 25. Rb1 Ra2 26. b4 Rd2 27. Rb3 Ra8 28. b5 g6 29. b6 Ra1+ 30. Kg2 Raa2 31. Kf3 f5 32. Kf4 Rxf2+ 33. Ke5 Rae2+ 34. Kxd4 Re8 35. b7 Rd8+ 36. Ke3 1-0

[Event "Sokolka op 5th"]
[Site "Sokolka"]
[Date "2014.07.11"]
[Round "4"]
[White "Grabarczyk, Edmund"]
[Black "Kozaczynska, Aleksandra"]
[Result "0-1"]
[WhiteElo "1393"]
[BlackElo "1583"]
[PlyCount "84"]
[EventDate "2014.07.08"]
[EventType "swiss"]
[EventRounds "9"]
[EventCountry "POL"]
[SourceTitle "CBM 161 Extra"]
[Source "ChessBase"]
[SourceDate "2014.08.29"]
[SourceVersion "1"]
[SourceVersionDate "2014.08.29"]
[SourceQuality "1"]

1. e4 c5 2. g3 d6 3. Nf3 Nf6 4. Nc3 g6 5. d4 cxd4 6. Nxd4 Bg7 7. Bg2 a6 8. 0-0 Qc7 9. Re1 Nc6 10. Nxc6 bxc6 11. Kh1 Bb7 12. f4 Nd7 13. Ne2 h5 14. c3 h4 15. g4 h3 16. Bf3 0-0-0 17. Nd4 e5 18. Nb3 exf4 19. Bxf4 Ne5 20. Be2 c5 21. Qc2 Kb8 22. Nd2 Qd7 23. Rg1 Ka7 24. b4 cxb4 25. cxb4 Rc8 26. Qb3 f5 27. b5 Nxg4 28. Rxg4 fxg4 29. bxa6 Bxa1 30. Be3+ Ka8 31. axb7+ Qxb7 32. Qa3+ Kb8 33. Qxd6+ Rc7 34. Bf4 g5 35. Bg3 Bc3 36. Ba6 Qa7 37. Qd3 Qc5 38. Nb3 Qc6 39. Bc4 Qf6 40. Nc5 Rd8 41. Qb1+ Ka7 42. Bxc7 Qf3+ 0-1

[Event "Sokolka op 5th"]
[Site "Sokolka"]
[Date "2014.07.08"]
[Round "1"]
[White "Glapa, Witold"]
[Black "Grabarczyk, Edmund"]
[Result "1-0"]
[WhiteElo "1723"]
[BlackElo "1393"]
[PlyCount "43"]
[EventDate "2014.07.08"]
[EventType "swiss"]
[EventRounds "9"]
[EventCountry "POL"]
[SourceTitle "CBM 161 Extra"]
[Source "ChessBase"]
[SourceDate "2014.08.29"]
[SourceVersion "1"]
[SourceVersionDate "2014.08.29"]
[SourceQuality "1"]

1. e4 e5 2. Nf3 d6 3. d4 Bg4 4. dxe5 Nc6 5. Bb5 Nge7 6. 0-0 Ng6 7. h3 Bxf3 8. Qxf3 Ngxe5 9. Qc3 a6 10. Ba4 g5 11. f4 gxf4 12. Bxf4 Bg7 13. Bxc6+ bxc6 14. Bxe5 Bxe5 15. Qxc6+ Ke7 16. Nc3 Ra7 17. Rf5 f6 18. Raf1 Rg8 19. Nd5+ Ke6 20. Nxf6 Bxf6 21. Rxf6+ Qxf6 22. Qd5+ 1-0

[Event "Bialystok Spring qual"]
[Site "Bialystok"]
[Date "2014.??.??"]
[Round "8"]
[White "Filewicz, Radoslaw"]
[Black "Grabarczyk, Edmund"]
[Result "1-0"]
[WhiteElo "1541"]
[BlackElo "1424"]
[PlyCount "77"]
[EventDate "2014.04.??"]
[EventType "swiss"]
[EventRounds "9"]
[EventCountry "POL"]
[SourceTitle "EXT 2016"]
[Source "ChessBase"]
[SourceDate "2015.10.08"]
[SourceVersion "1"]
[SourceVersionDate "2015.10.08"]
[SourceQuality "1"]

1. d4 Nf6 2. g3 c5 3. c3 g6 4. Bg2 Bg7 5. Nf3 0-0 6. 0-0 Qb6 7. Nbd2 cxd4 8. cxd4 d5 9. Qb3 e6 10. Qxb6 axb6 11. Ne5 Nfd7 12. f4 Nc6 13. Ndf3 Nf6 14. Bd2 Ra4 15. b3 Ra6 16. Rfc1 Ne7 17. Rc7 Nf5 18. Bb4 Re8 19. Rac1 Ra8 20. Nxf7 Bf8 21. Bxf8 Rxf8 22. N7e5 Ne3 23. Bh3 Re8 24. Rxc8 Raxc8 25. Rxc8 Kf8 26. Bxe6 Ke7 27. Rxe8+ Nxe8 28. Bh3 Nd6 29. Nd7 Nb5 30. a4 Nc3 31. Nxb6 Nc2 32. Kf1 Ne3+ 33. Ke1 Nf5 34. Bxf5 gxf5 35. Kd2 Ne4+ 36. Ke3 Kd6 37. Ng5 Kc6 38. Nxe4 fxe4 39. f5 1-0

[Event "Bialystok Elo op-A"]
[Site "Bialystok"]
[Date "2014.??.??"]
[Round "7"]
[White "Grabarczyk, Edmund"]
[Black "Kaminski, Maciej"]
[Result "0-1"]
[WhiteElo "1418"]
[BlackElo "1494"]
[PlyCount "132"]
[EventDate "2014.??.??"]
[EventType "swiss"]
[EventRounds "7"]
[EventCountry "POL"]
[SourceTitle "EXT 2016"]
[Source "ChessBase"]
[SourceDate "2015.10.08"]
[SourceVersion "1"]
[SourceVersionDate "2015.10.08"]
[SourceQuality "1"]

1. e4 Nf6 2. Nc3 d5 3. e5 d4 4. exf6 dxc3 5. fxg7 cxd2+ 6. Qxd2 Qxd2+ 7. Bxd2 Bxg7 8. c3 Nc6 9. Bb5 Bd7 10. Nf3 0-0-0 11. 0-0-0 Kb8 12. Bf4 Rhg8 13. Ng5 Bh6 14. Bxc6 Bxc6 15. Rxd8+ Rxd8 16. Nh3 Bxg2 17. Rg1 Bxf4+ 18. Nxf4 Be4 19. Rg7 Rf8 20. Kd2 Kc8 21. Ke3 Bg6 22. h4 e5 23. Nd5 Kd7 24. h5 Bf5 25. Nf6+ Ke6 26. Nxh7 Rh8 27. Ng5+ Kf6 28. Rxf7+ Kxg5 29. Rxc7 Rb8 30. Rc5 Kf6 31. f4 e4 32. Rc7 a5 33. a4 b5 34. Rc6+ Kg7 35. Rc5 Bd7 36. axb5 Bxb5 37. Kxe4 a4 38. Kf5 Bd3+ 39. Kg5 Rxb2 40. h6+ Kf7 41. Rc7+ Ke6 42. f5+ Bxf5 43. Rc6+ Kd5 44. Ra6 Bc2 45. Ra7 Rb3 46. h7 Bxh7 47. Rxh7 Rxc3 48. Kf4 Kc4 49. Ke4 Kb3 50. Kd4 Rc4+ 51. Kd3 Rb4 52. Rh1 Ka2 53. Kc3 Rb3+ 54. Kc4 Rb2 55. Kc3 a3 56. Rg1 Rb1 57. Rg8 Ka1 58. Ra8 a2 59. Kc2 Rb5 60. Ra7 Rg5 61. Rb7 Rg2+ 62. Kc1 Rg8 63. Kc2 Rc8+ 64. Kb3 Rc1 65. Ra7 Rb1+ 66. Kc2 Rb8 0-1

[Event "Bialystok Spring qual"]
[Site "Bialystok"]
[Date "2014.??.??"]
[Round "9"]
[White "Grabarczyk, Edmund"]
[Black "Rudnik, Anna"]
[Result "0-1"]
[WhiteElo "1424"]
[BlackElo "1739"]
[PlyCount "88"]
[EventDate "2014.04.??"]
[EventType "swiss"]
[EventRounds "9"]
[EventCountry "POL"]
[SourceTitle "EXT 2016"]
[Source "ChessBase"]
[SourceDate "2015.10.08"]
[SourceVersion "1"]
[SourceVersionDate "2015.10.08"]
[SourceQuality "1"]

1. e4 e5 2. Nf3 Nc6 3. Bb5 a6 4. Ba4 Nf6 5. 0-0 b5 6. Bb3 Be7 7. c3 d6 8. Re1 Na5 9. Bc2 c5 10. b3 Qc7 11. d4 Bg4 12. d5 h6 13. h3 Bh5 14. Nbd2 g5 15. Nf1 g4 16. hxg4 Bxg4 17. N1h2 Bh5 18. Qd3 Ng4 19. Bd1 Qa7 20. a4 c4 21. Qb1 Nxh2 22. Kxh2 cxb3 23. Nxe5 dxe5 24. Bxh5 bxa4 25. Qd3 Bc5 26. f4 exf4 27. Bxf4 b2 28. Rab1 Qe7 29. Bg3 Qg5 30. Qf3 0-0 31. Rxb2 a3 32. Rc2 Nc4 33. Rce2 f5 34. exf5 Rxf5 35. Qg4 Ra7 36. Re6 Rg7 37. Rxh6 Qxg4 38. Re8+ Bf8 39. Bxg4 Rxg4 40. d6 Nb6 41. Be5 Rxe5 42. Rxf8+ Kxf8 43. d7 Nxd7 44. Rxa6 Re2 0-1

[Event "Bialystok Elo op-A"]
[Site "Bialystok"]
[Date "2014.??.??"]
[Round "4"]
[White "Grabarczyk, Edmund"]
[Black "Ziziuk, Martyna"]
[Result "0-1"]
[WhiteElo "1418"]
[BlackElo "1412"]
[PlyCount "66"]
[EventDate "2014.??.??"]
[EventType "swiss"]
[EventRounds "7"]
[EventCountry "POL"]
[SourceTitle "EXT 2016"]
[Source "ChessBase"]
[SourceDate "2015.10.08"]
[SourceVersion "1"]
[SourceVersionDate "2015.10.08"]
[SourceQuality "1"]

1. e4 e5 2. Nf3 Nc6 3. Bb5 a6 4. Ba4 Nf6 5. 0-0 d6 6. Re1 Be7 7. c3 0-0 8. d4 exd4 9. cxd4 Bg4 10. Bxc6 bxc6 11. Nc3 Nd7 12. h3 Bh5 13. g4 Bg6 14. e5 Nb6 15. b3 Nd5 16. Nxd5 cxd5 17. e6 fxe6 18. Rxe6 Be4 19. Nd2 Qd7 20. Rxe4 dxe4 21. Nxe4 Rf7 22. Be3 Raf8 23. Qc2 d5 24. Ng3 Bd6 25. Nf5 Rxf5 26. gxf5 Rxf5 27. Qe2 Rf6 28. Qh5 Rg6+ 29. Kf1 Qb5+ 30. Ke1 Rg1+ 31. Kd2 Rxa1 32. Qf5 Rxa2+ 33. Kc1 Qf1# 0-1

[Event "Bialystok Zamenhof Memorial"]
[Site "Bialystok"]
[Date "2013.12.28"]
[Round "4"]
[White "Grabarczyk, Edmund"]
[Black "Galej, Jaroslaw"]
[Result "1-0"]
[WhiteElo "1406"]
[BlackElo "1190"]
[PlyCount "55"]
[EventDate "2013.12.27"]
[EventType "swiss"]
[EventRounds "9"]
[EventCountry "POL"]
[SourceTitle "EXT 2016"]
[Source "ChessBase"]
[SourceDate "2015.10.08"]
[SourceVersion "1"]
[SourceVersionDate "2015.10.08"]
[SourceQuality "1"]

1. e4 e5 2. Nf3 Nc6 3. Bb5 d6 4. d4 a6 5. Ba4 Bd7 6. c3 h6 7. Be3 Qe7 8. Nbd2 b5 9. Bc2 Bg4 10. h3 Bxf3 11. Nxf3 g5 12. a4 Qd8 13. 0-0 Nf6 14. Re1 g4 15. Nh2 gxh3 16. g3 h5 17. Bg5 Bh6 18. Bxf6 Qxf6 19. axb5 Nb8 20. dxe5 Qxe5 21. bxa6 Nd7 22. Nf3 Qg7 23. Nh4 Qg8 24. Ba4 Bf4 25. Nf5 h4 26. Kh2 hxg3+ 27. fxg3 Rh5 28. Qxh5 1-0

[Event "Bialystok Zamenhof Memorial"]
[Site "Bialystok"]
[Date "2013.12.27"]
[Round "2"]
[White "Rusak, Jan"]
[Black "Grabarczyk, Edmund"]
[Result "1-0"]
[WhiteElo "1482"]
[BlackElo "1406"]
[PlyCount "76"]
[EventDate "2013.12.27"]
[EventType "swiss"]
[EventRounds "9"]
[EventCountry "POL"]
[SourceTitle "EXT 2016"]
[Source "ChessBase"]
[SourceDate "2015.10.08"]
[SourceVersion "1"]
[SourceVersionDate "2015.10.08"]
[SourceQuality "1"]

1. d4 d5 2. Nf3 Nc6 3. c4 Nf6 4. Nc3 e6 5. e3 Bb4 6. Bd3 0-0 7. 0-0 a6 8. Qc2 dxc4 9. Bxc4 h6 10. Rd1 Qe7 11. Bd2 Rd8 12. a3 Ba5 13. b4 Bb6 14. Rac1 Nd5 15. Qb3 Nxc3 16. Bxc3 f6 17. Nh4 Kh7 18. Qc2+ f5 19. Nf3 g5 20. h3 Rf8 21. d5 exd5 22. Bxd5 Be6 23. Bxc6 bxc6 24. Bd4 Bd5 25. Bxb6 cxb6 26. Nd4 Be4 27. Qc3 Rac8 28. f3 Bd5 29. Nxf5 Rxf5 30. e4 Bxe4 31. fxe4 Rf4 32. Rd4 c5 33. Rc4 Rxe4 34. Qc2 Re8 35. Re1 Kg7 36. Rcxe4 Qf6 37. Rxe8 Qd4+ 38. Qf2 Qxf2+ 1-0

[Event "Bialystok Zamenhof Memorial"]
[Site "Bialystok"]
[Date "2013.12.27"]
[Round "3"]
[White "Zaleski, Andrzej"]
[Black "Grabarczyk, Edmund"]
[Result "0-1"]
[WhiteElo "1553"]
[BlackElo "1406"]
[PlyCount "102"]
[EventDate "2013.12.27"]
[EventType "swiss"]
[EventRounds "9"]
[EventCountry "POL"]
[SourceTitle "EXT 2016"]
[Source "ChessBase"]
[SourceDate "2015.10.08"]
[SourceVersion "1"]
[SourceVersionDate "2015.10.08"]
[SourceQuality "1"]

1. e4 d5 2. exd5 Qxd5 3. Nc3 Qa5 4. d4 g6 5. Nf3 Bg7 6. Be2 Nf6 7. 0-0 0-0 8. Bf4 a6 9. Qd2 b5 10. a3 Bb7 11. Qe3 Re8 12. Ne5 Nh5 13. Bxh5 gxh5 14. Qg3 Qb6 15. d5 Rf8 16. Rad1 Kh8 17. Ne4 f6 18. Nf3 e5 19. Be3 Qa5 20. Nc5 Bc8 21. Rd3 c6 22. d6 Bf5 23. b4 Qd8 24. Rd2 Nd7 25. Nh4 Bg4 26. f3 Nxc5 27. Bxc5 Bd7 28. f4 Bh6 29. Re2 Rg8 30. Qf3 Bg4 31. Qe4 Bxe2 32. Qxe2 Bxf4 33. Nf5 Qe8 34. Rd1 Rd8 35. Bb6 Rd7 36. Qe4 Qg6 37. Rd3 Qg4 38. Ng3 Bxg3 39. Qxg4 Bxh2+ 40. Kxh2 Rxg4 41. Bc5 Kg7 42. Re3 Kg6 43. a4 Kf5 44. axb5 axb5 45. Ra3 Rdg7 46. g3 h4 47. Bf2 hxg3+ 48. Bxg3 Rxb4 49. Bf2 Rc4 50. c3 Rd7 51. Ra7 Ke6 0-1

[Event "Bialystok op"]
[Site "Bialystok"]
[Date "2013.11.10"]
[Round "8"]
[White "Filewicz, Radoslaw"]
[Black "Grabarczyk, Edmund"]
[Result "1-0"]
[WhiteElo "1484"]
[BlackElo "1429"]
[PlyCount "71"]
[EventDate "2013.11.02"]
[EventType "swiss"]
[EventRounds "9"]
[EventCountry "POL"]
[SourceTitle "CBM 157 Extra"]
[Source "ChessBase"]
[SourceDate "2013.12.19"]
[SourceVersion "1"]
[SourceVersionDate "2013.12.19"]
[SourceQuality "1"]

1. d4 Nf6 2. Nf3 e6 3. g3 Nc6 4. Bg2 d5 5. 0-0 Bd6 6. c4 b6 7. Qa4 Bd7 8. Qd1 0-0 9. Nc3 a6 10. Bg5 dxc4 11. Ne5 Qe8 12. Nxc4 Be7 13. Ne5 Rd8 14. Nxd7 Qxd7 15. e3 h6 16. Bxf6 Bxf6 17. Qa4 Nb8 18. Qc4 c6 19. Ne4 Be7 20. Rac1 f5 21. Nd2 b5 22. Qc3 Rc8 23. Nb3 Rc7 24. Nc5 Bxc5 25. Qxc5 Qe8 26. Qd6 Rff7 27. d5 e5 28. dxc6 e4 29. Rc5 Rxc6 30. Rxc6 Nxc6 31. Rc1 Rf6 32. Qd5+ Kh8 33. Bh3 Ne5 34. Qb7 Nf3+ 35. Kg2 Ng5 36. Rc8 1-0

[Event "Bialystok op"]
[Site "Bialystok"]
[Date "2013.11.09"]
[Round "6"]
[White "Grabarczyk, Edmund"]
[Black "Ocytko, Michal"]
[Result "0-1"]
[WhiteElo "1429"]
[BlackElo "1260"]
[PlyCount "94"]
[EventDate "2013.11.02"]
[EventType "swiss"]
[EventRounds "9"]
[EventCountry "POL"]
[SourceTitle "CBM 157 Extra"]
[Source "ChessBase"]
[SourceDate "2013.12.19"]
[SourceVersion "1"]
[SourceVersionDate "2013.12.19"]
[SourceQuality "1"]

1. e4 d5 2. exd5 Qxd5 3. d4 c6 4. Be3 Nf6 5. c4 Qd8 6. Nc3 e6 7. Bd3 g6 8. h3 Bg7 9. Nf3 a6 10. a4 Nbd7 11. 0-0 0-0 12. Re1 Nb6 13. b4 a5 14. b5 Bd7 15. Bg5 Qc7 16. Ne5 h6 17. Bf4 Qd8 18. Qd2 Kh7 19. Qc2 Qe8 20. Bxg6+ fxg6 21. h4 Nh5 22. g3 Nxf4 23. gxf4 Rxf4 24. h5 Bxe5 25. Rxe5 Rf5 26. Rae1 gxh5 27. Rxf5 Qg6+ 28. Kf1 Qxf5 29. Ne4 Kg7 30. Qc3 Kh7 31. d5 exd5 32. Nf6+ Kg6 33. Nxd7 Nxd7 34. Qg3+ Kf7 35. bxc6 bxc6 36. Qd6 Qh3+ 37. Ke2 Re8+ 38. Kd2 Rxe1 39. Kxe1 Qc3+ 40. Kd1 Qd3+ 41. Ke1 Nf6 42. Qxc6 Qxc4 43. Qb7+ Kg6 44. Qb1+ Qe4+ 45. Qxe4+ Nxe4 46. Ke2 Nc3+ 47. Kd3 Nxa4 0-1

[Event "Bialystok op"]
[Site "Bialystok"]
[Date "2013.11.09"]
[Round "5"]
[White "Szydlowski, Wiktor"]
[Black "Grabarczyk, Edmund"]
[Result "1-0"]
[WhiteElo "1774"]
[BlackElo "1429"]
[PlyCount "61"]
[EventDate "2013.11.02"]
[EventType "swiss"]
[EventRounds "9"]
[EventCountry "POL"]
[SourceTitle "CBM 157 Extra"]
[Source "ChessBase"]
[SourceDate "2013.12.19"]
[SourceVersion "1"]
[SourceVersionDate "2013.12.19"]
[SourceQuality "1"]

1. e4 e5 2. Nf3 Nc6 3. d4 exd4 4. Bc4 Nf6 5. e5 d5 6. Bb3 Ne4 7. 0-0 Bc5 8. c3 Bg4 9. Bf4 g5 10. Bg3 Nxg3 11. hxg3 0-0 12. Re1 Re8 13. Qd2 Bxf3 14. gxf3 Rxe5 15. Rxe5 Nxe5 16. Kg2 Qf6 17. Bxd5 c6 18. Be4 Rd8 19. cxd4 Rxd4 20. Qc2 Rc4 21. Nc3 Kg7 22. Rh1 h6 23. b3 Rxc3 24. Qxc3 Bxf2 25. Qd2 Bb6 26. Re1 h5 27. Qe2 a5 28. Bb1 Nd7 29. Qe4 Qg6 30. Qxg6+ fxg6 31. Re7+ 1-0

[Event "Bialystok Spring op"]
[Site "Bialystok"]
[Date "2013.05.04"]
[Round "7"]
[White "Niesteruk, Mikolaj"]
[Black "Grabarczyk, Edmund"]
[Result "1-0"]
[WhiteElo "1832"]
[BlackElo "1422"]
[PlyCount "97"]
[EventDate "2013.05.01"]
[EventType "swiss"]
[EventRounds "9"]
[EventCountry "POL"]
[SourceTitle "EXT 2018"]
[Source "ChessBase"]
[SourceDate "2017.10.13"]
[SourceVersion "1"]
[SourceVersionDate "2017.10.13"]
[SourceQuality "1"]

1. d4 d5 2. Nf3 Nc6 3. c3 g6 4. Bf4 Nf6 5. Nbd2 Bg7 6. e3 0-0 7. Bd3 Re8 8. 0-0 Nh5 9. Bg3 Bg4 10. h3 Nxg3 11. fxg3 Bd7 12. e4 dxe4 13. Nxe4 e5 14. d5 Ne7 15. c4 Nf5 16. Qe1 Bh6 17. g4 Nd6 18. g5 Bg7 19. Nxd6 cxd6 20. Be4 Qc8 21. b3 f5 22. gxf6 Bxf6 23. Qf2 Rf8 24. Qg3 Bf5 25. Bxf5 Qxf5 26. Nd4 Qg5 27. Qxg5 Bxg5 28. Ne6 Be3+ 29. Kh2 Rf5 30. g4 Rf7 31. h4 b5 32. Rxf7 Kxf7 33. Re1 Bd2 34. Re2 Bc1 35. Nc7 Bf4+ 36. Kg2 Rb8 37. Nxb5 a5 38. Nxd6+ Kg7 39. Nb5 a4 40. bxa4 Ra8 41. Rc2 Rxa4 42. d6 Kf7 43. Kf3 h6 44. c5 g5 45. hxg5 hxg5 46. c6 e4+ 47. Ke2 Rb4 48. c7 Rxb5 49. c8Q 1-0

[Event "Bialystok Spring op"]
[Site "Bialystok"]
[Date "2013.05.01"]
[Round "2"]
[White "Grabarczyk, Edmund"]
[Black "Widelski, Kacper"]
[Result "0-1"]
[WhiteElo "1422"]
[BlackElo "1586"]
[PlyCount "84"]
[EventDate "2013.05.01"]
[EventType "swiss"]
[EventRounds "9"]
[EventCountry "POL"]
[SourceTitle "EXT 2018"]
[Source "ChessBase"]
[SourceDate "2017.10.13"]
[SourceVersion "1"]
[SourceVersionDate "2017.10.13"]
[SourceQuality "1"]

1. e4 c5 2. Nf3 d6 3. Nc3 Nf6 4. d3 g6 5. Be2 Bg7 6. Bg5 Nc6 7. 0-0 0-0 8. h3 a6 9. Rb1 b5 10. a3 Nd7 11. Nd5 Re8 12. c3 Nb6 13. Re1 Be6 14. c4 bxc4 15. dxc4 a5 16. b3 h6 17. Bd2 Kh7 18. Qc1 Nd7 19. Bd3 Nde5 20. Nxe5 Nxe5 21. Bc2 a4 22. bxa4 Nxc4 23. Bd1 Ne5 24. Re3 Nd7 25. Rb7 Bxd5 26. exd5 Nb6 27. Rf3 Rf8 28. h4 h5 29. Qb1 Nxd5 30. Rxf7 Rxf7 31. Bxh5 Kh8 32. Bxg6 Rf8 33. Qd1 Nf4 34. Bxf4 Rxf4 35. Qh5+ Kg8 36. Rxe7 Qxe7 37. Qd5+ Kh8 38. Qxa8+ Bf8 39. g3 Qe1+ 40. Kh2 Rxf2+ 41. Kh3 Qe6+ 42. g4 Qe3+ 0-1

[Event "Sokolka op 4th"]
[Site "Sokolka"]
[Date "2013.??.??"]
[Round "7"]
[White "Grabarczyk, Edmund"]
[Black "Jankowski, Leonard"]
[Result "0-1"]
[WhiteElo "1400"]
[BlackElo "1605"]
[PlyCount "120"]
[EventDate "2013.07.??"]
[EventType "swiss"]
[EventRounds "9"]
[EventCountry "POL"]
[SourceTitle "EXT 2015"]
[Source "ChessBase"]
[SourceDate "2014.11.20"]
[SourceVersion "1"]
[SourceVersionDate "2014.11.20"]
[SourceQuality "1"]

1. e4 g6 2. d4 d6 3. c4 Bg7 4. Be3 Nf6 5. Nc3 0-0 6. Nf3 Bg4 7. Be2 c6 8. 0-0 Nbd7 9. Qd2 a6 10. a4 Qc7 11. Bh6 Rad8 12. Bxg7 Kxg7 13. b4 e5 14. d5 c5 15. b5 a5 16. b6 Nxb6 17. Nb5 Qd7 18. Bd3 Bxf3 19. gxf3 Ra8 20. Kh1 Nh5 21. Rg1 Nf4 22. Bf1 Nc8 23. Rg4 f5 24. Rxf4 exf4 25. Qxf4 fxe4 26. Qxe4 Qf5 27. Kg2 Qxe4 28. fxe4 Rf6 29. Kg3 Nb6 30. f4 Re8 31. Bd3 Re7 32. h4 Nc8 33. Nc3 Ref7 34. Ne2 Ne7 35. Rb1 h5 36. Kf3 Ng8 37. Rb5 Nh6 38. Rxa5 Ng4 39. Kg2 Ne3+ 40. Kg1 Nd1 41. Rb5 Ne3 42. a5 Ng4 43. Rb6 Rd7 44. a6 bxa6 45. Rxa6 Rb7 46. Ra1 Rb3 47. Bc2 Rf3 48. Ra7+ Rf7 49. Rxf7+ Kxf7 50. f5 gxf5 51. exf5 Ne3 52. Bd3 Nxf5 53. Be4 Re3 54. Bxf5 Rxe2 55. Bd3 Re3 56. Bf5 Rc3 57. Kg2 Rxc4 58. Kg3 Rd4 59. Be6+ Kf6 60. Kh3 c4 0-1

[Event "Sokolka op 4th"]
[Site "Sokolka"]
[Date "2013.??.??"]
[Round "5"]
[White "Kotarski, Grzegorz"]
[Black "Grabarczyk, Edmund"]
[Result "0-1"]
[WhiteElo "1478"]
[BlackElo "1400"]
[PlyCount "114"]
[EventDate "2013.07.??"]
[EventType "swiss"]
[EventRounds "9"]
[EventCountry "POL"]
[SourceTitle "EXT 2015"]
[Source "ChessBase"]
[SourceDate "2014.11.20"]
[SourceVersion "1"]
[SourceVersionDate "2014.11.20"]
[SourceQuality "1"]

1. d4 Nf6 2. c4 g6 3. Nc3 Bg7 4. e4 d6 5. Nf3 Bg4 6. Be2 0-0 7. 0-0 Nbd7 8. Bg5 Re8 9. Qd2 Bxf3 10. Bxf3 e5 11. Bg4 exd4 12. Bxd7 dxc3 13. Qxc3 Nxd7 14. Bxd8 Bxc3 15. Bxc7 Bxb2 16. Rab1 Be5 17. Rxb7 Nc5 18. Rb5 Rac8 19. Ba5 Nxe4 20. Re1 Rxc4 21. f3 Bd4+ 22. Kf1 Nf6 23. Rxe8+ Nxe8 24. Rb8 Kf8 25. Bd2 Ke7 26. Ke2 Ra4 27. Kd3 Bc5 28. Rb2 Nc7 29. g4 Nd5 30. Kc2 Ke6 31. Kb3 Ra3+ 32. Kc4 Rxf3 33. Ba5 Rf4+ 34. Kd3 Rd4+ 35. Ke2 Rxg4 36. Kf3 Rf4+ 37. Kg3 Re4 38. Bd2 h5 39. h3 f5 40. Bg5 f4+ 41. Kg2 Kf5 42. h4 Ne3+ 43. Kf3 Nd5 44. Rb7 Re3+ 45. Kg2 Kg4 46. Rf7 f3+ 47. Kf1 Rd3 48. Ke1 Bb4+ 49. Kf2 Ra3 50. Rf8 Rxa2+ 51. Bd2 Rxd2+ 52. Ke1 Re2+ 53. Kf1 Ne3+ 54. Kg1 Rg2+ 55. Kh1 Re2 56. Kg1 Bc5 57. Kh1 Re1+ 0-1

[Event "Bialystok Autumn op"]
[Site "Bialystok"]
[Date "2012.11.04"]
[Round "6.6"]
[White "Grabarczyk, Edmund"]
[Black "Ptak, Krzysztof"]
[Result "0-1"]
[WhiteElo "1453"]
[BlackElo "1560"]
[PlyCount "56"]
[EventDate "2012.11.02"]
[EventType "swiss"]
[EventRounds "9"]
[EventCountry "POL"]
[SourceTitle "EXT 2023"]
[Source "ChessBase"]
[SourceDate "2022.10.05"]
[SourceVersion "1"]
[SourceVersionDate "2022.10.05"]
[SourceQuality "1"]

1. e4 e5 2. Nf3 Nf6 3. d3 Nc6 4. Be2 Bc5 5. c3 d6 6. h3 h6 7. a4 a5 8. Nbd2 d5 9. exd5 Qxd5 10. 0-0 Bf5 11. d4 exd4 12. Bc4 Qd7 13. Re1+ Be7 14. Qb3 0-0 15. Bb5 Bd6 16. Nxd4 Nxd4 17. Bxd7 Nxb3 18. Bxf5 Nxa1 19. b3 Bf4 20. g3 Bxd2 21. Bxd2 Nxb3 22. Bf4 Nd5 23. Rb1 Nxf4 24. gxf4 Nc5 25. Bg4 b6 26. Bf3 Rad8 27. Bc6 Rd6 28. Bb5 Rfd8 0-1

[Event "Bialystok Bieluczyk Memorial-B"]
[Site "Bialystok"]
[Date "2011.07.??"]
[Round "2"]
[White "Filewicz, Przemyslaw"]
[Black "Grabarczyk, Edmund"]
[Result "1-0"]
[WhiteElo "1583"]
[BlackElo "1501"]
[PlyCount "43"]
[EventDate "2011.07.??"]
[EventType "swiss"]
[EventRounds "9"]
[EventCountry "POL"]
[SourceTitle "EXT 2014"]
[Source "ChessBase"]
[SourceDate "2013.11.20"]
[SourceVersion "1"]
[SourceVersionDate "2013.11.20"]
[SourceQuality "1"]

1. e4 e5 2. d4 exd4 3. c3 dxc3 4. Nf3 cxb2 5. Bxb2 Nc6 6. Bc4 Bb4+ 7. Nbd2 f6 8. Qb3 Nh6 9. 0-0 Bxd2 10. Nxd2 Na5 11. Qb5 Nxc4 12. Qxc4 c6 13. e5 d5 14. exd6 Qxd6 15. Rfe1+ Kd8 16. Ne4 Qf4 17. Rad1+ Kc7 18. Ba3 Rd8 19. Rxd8 Kxd8 20. Rd1+ Bd7 21. Rxd7+ Kxd7 22. Nc5+ 1-0